| 000 | 00554nam a2200193 a 4500 | ||
|---|---|---|---|
| 005 | 20140310183158.0 | ||
| 008 | 021016s19uu xx 00 eng d | ||
| 020 | _a0867209437 | ||
| 050 |
_aRC 86.8 _b.T48 1995 |
||
| 100 | _aThygerson, Alton | ||
| 245 |
_aFirst aid handbook / _cAlton Thygerson. |
||
| 260 |
_aBoston : _bJones and Bartlett Pub, _c1995. |
||
| 300 |
_a192 p. : _bcol. ill.; _c24 cm. |
||
| 521 | _aNUR | ||
| 650 |
_aFirst aid in illness & injury _xhandbooks, manuals, etc. |
||
| 942 |
_cBK _2lcc _kFOR |
||
| 999 |
_c19806 _d19806 |
||